Statistics for Planets by Greek Name

Click here to take the quiz!

General Stats

  • This quiz has been taken 144 times
  • The average score is 7 of 8

Answer Stats

Greek nameRoman name% Correct
AphroditeVenus
98%
AresMars
98%
PoseidonNeptune
92%
ZeusJupiter
92%
CronusSaturn
91%
HermesMercury
91%
GaiaEarth
89%
UranusUranus
88%

Score Distribution

Percentile by Number Answered

Percent of People with Each Score

Your Score History

You have not taken this quiz